ERP solution for LSG institutions in Kerala - GPR and FRS for license module (Record no. 6194)
[ view plain ]
| 000 -LEADER | |
|---|---|
| fixed length control field | 00707nam a22002177a 4500 |
| 003 - CONTROL NUMBER IDENTIFIER | |
| control field | OSt |
| 005 - DATE AND TIME OF LATEST TRANSACTION | |
| control field | 20220107122844.0 |
| 008 - FIXED-LENGTH DATA ELEMENTS--GENERAL INFORMATION | |
| fixed length control field | 180904b xxu||||| |||| 00| 0 eng d |
| 040 ## - CATALOGING SOURCE | |
| Transcribing agency | IIITMK |
| 100 ## - MAIN ENTRY--PERSONAL NAME | |
| Personal name | Deepesh Raj S (1665004) |
| 9 (RLIN) | 14679 |
| 245 ## - TITLE STATEMENT | |
| Title | ERP solution for LSG institutions in Kerala - GPR and FRS for license module |
| 300 ## - PHYSICAL DESCRIPTION | |
| Extent | PGDEG 2016-2017 |
| 502 ## - DISSERTATION NOTE | |
| Degree type | PGDEG |
| Name of granting institution | 2016-2017 |
| Year degree granted | INT |
| -- | Jayachandran M B |
| 650 ## - SUBJECT ADDED ENTRY--TOPICAL TERM | |
| Topical term or geographic name entry element | ENTERPRISE RESOURCE PLANNING |
| 9 (RLIN) | 14680 |
| 650 ## - SUBJECT ADDED ENTRY--TOPICAL TERM | |
| Topical term or geographic name entry element | GOVERNMENT PROCESS RE-ENGINEERING |
| 9 (RLIN) | 14681 |
| 650 ## - SUBJECT ADDED ENTRY--TOPICAL TERM | |
| Topical term or geographic name entry element | E-GOVERNANCE |
| 9 (RLIN) | 14682 |
| 700 ## - ADDED ENTRY--PERSONAL NAME | |
| Personal name | Jahamgeer S (1665006) |
| 9 (RLIN) | 14683 |
| 700 ## - ADDED ENTRY--PERSONAL NAME | |
| Personal name | Nagin N (16650007) |
| 9 (RLIN) | 14684 |
| 700 ## - ADDED ENTRY--PERSONAL NAME | |
| Personal name | Sajith Nazar (16650012) |
| 9 (RLIN) | 14685 |
| 942 ## - ADDED ENTRY ELEMENTS (KOHA) | |
| Source of classification or shelving scheme | Dewey Decimal Classification |
| Koha item type | |
| Withdrawn status | Lost status | Source of classification or shelving scheme | Damaged status | Not for loan | Collection code | Home library | Current library | Shelving location | Date acquired | Total Checkouts | Barcode | Date last seen | Price effective from | Koha item type |
|---|---|---|---|---|---|---|---|---|---|---|---|---|---|---|
| Dewey Decimal Classification | Non Fiction | IIITM-K | Kerala University of Digital Sciences, Innovation and Technology Knowledge Centre | 04/09/2018 | R-1452 | 04/09/2018 | 04/09/2018 | Project Reports |